01221nas a2200265Ia 4500001001100000003000900011008004100020040001300061040001300074041001300087100006100100210001900161222001900180245008600199250001100285260002400296501008600320300001800406362002500424500022200449650004300671942000700714999001900721952021500740R131/45252IT-RoPAU151124c99999999xx |||||||||||| ||und|| aIT-RoPAU cIT-RoPAU aFRANCESE aKwiatkowska Viatteau AlexandragCodice Aut. SPICS: 43230 aMEDIASPOUVOIRS aMediaspouvoirs aMEDIASPOUVOIRS, N.01 (DICEMBRE 1985)bPologne: la Presse Entre L'Eglise Et L'Etat a1a ed. aPARISbBAYARDc1985 bPaulus - SPICS - Società San Paolo EM (non-commercial uses only)cCopyright2015 a14 p. [31-44] aN.01 (DICEMBRE 1985) aStampa tra la Chiesa e Lo Stato in Polonia. Battaglia dell'Osservatore Romano. Filtro per la Parola del Papa. Punto di Vista Ammesso Dal Socialismo. Vangelo Secondo "Politika". Rinascita della Stampa Cattolica Polacca aCOMUNICAZIONEvPUBBLICAZIONE PERIODICA cCR c188155d188155 0010406R_131_45252000000000071aSPICSbSPICSd2015-11-25l0oR131/45252r2015-11-25 00:00:00w2015-11-25yCRzProgr. Ins: 54731 / Copia rara: NO / date import: 25.11.2015 / By Epidotti, Trombetti, Vaglietti